000 00476nam a2200181Ia 4500
003 GCL
008 140319s9999 xx 000 0 eng d
040 _aGCL /
_cGCL
082 0 4 _a428
_bJ P
100 1 _aJONES, LEO
245 1 0 _aPROGRESS TOWARDS FIRST CERTIFICATE STUDENTS BOOK /
_cJONES, LEO
260 _a[S.N] :
_bCOMBRIDGE UNIVERSITY PRESS ،
_c1985
300 _a164 P
650 0 4 _aGRAMMAR
650 0 4 _aENGLISH LANGUAGE
650 0 4 _aLANGUAGES
942 _2ddc
_cBK
999 _c22494
_d22494